000 01010cam a2200265 a 4500
001 15146932
005 20250414185158.0
008 080118s2008 enkabe b 001 0 eng
020 _a9780415441728 (pbk : alk. paper)
020 _a0415441722 (pbk : alk. paper)
050 0 0 _aGV182.3
_b .B45 2008
082 0 0 _a711/.558
_222
100 1 _aBell, Simon,
_d1957 May 24-
245 1 0 _aDesign for outdoor recreation /
_cSimon Bell.
250 _a2nd ed.
260 _aAbingdon [England] ;
_aNew York :
_bTaylor & Francis,
_c2008.
300 _avii, 232 p. :
_bill., maps, plans ;
_c28 cm.
650 0 _aRecreation areas
_xDesign and construction.
650 0 _aRecreation areas
_xManagement.
650 0 _aOutdoor recreation.
650 0 _aRecreation areas
_xEnvironmental aspects.
856 4 2 _3Publisher description
_uhttp://www.loc.gov/catdir/enhancements/fy0827/2008000258-d.html
856 4 1 _3Table of contents only
_uhttp://www.loc.gov/catdir/toc/ecip088/2008000258.html
942 _2lcc
_cBK
_e2nd Ed.
_n0
999 _c5475
_d5475